000 00356 a2200157 4500
001 61677
020 _a9788516068400
040 _cAnchieta - Pituba
100 _aVedovate, Fernando Carlo
240 1 0 _aAraribá geografia 8
_lpor
245 1 0 _aAraribá geografia 8
300 _a216/23
362 0 _a2010
650 4 _aGeografia e viagens
942 _cBK
999 _c61677
_d61677